| 000 | 00622nam a22001817a 4500 | ||
|---|---|---|---|
| 003 | PILC | ||
| 005 | 20150810170404.0 | ||
| 008 | 150810b xxu||||| |||| 00| 0 eng d | ||
| 050 |
_aHG 4521 _b.Sa22 2011 |
||
| 100 | _aSantos, Rhoderick R. | ||
| 245 |
_aEssentials of investments in the Philippine capital market/ _cRhoderick R. Santos. |
||
| 250 | _a2nd edition. | ||
| 260 |
_aLas PiƱas City: _bSouthville International School and Colleges, _c2011. |
||
| 300 |
_axviii, 608 pages : _billustrations; _c23cm. |
||
| 500 | _aIncludes bibliographical references and index. | ||
| 650 | _aInvestments. | ||
| 942 |
_2lcc _cBK _kLOC |
||
| 999 |
_c288388 _d288388 |
||